[Event "DVM U12 2023"]
[Site "Magdeburg GER"]
[Date "2023.12.28"]
[Round "4"]
[White "Löffelholz, Jonas"]
[Black "Volz, Alexander Sebastian"]
[Result "1-0"]
[Termination "normal"]
[Board "8.3"]
[WhiteElo "1201"]
[BlackElo "1159"]
[WhiteClock "01:05:34"]
[BlackClock "00:39:29"]
[WhiteTeam "1. Eichsfelder SC"]
[BlackTeam "Karlsruher SF 1853"]
[PlyCount "103"]
[WhiteFideId "34616101"]
[BlackFideId "34681760"]
[EventCountry "GER"]
[EventRounds "7"]
[EventType "team-swiss"]
[EventDate "2023.12.26"]

1. e4 {[%clk 01:30:59]} e5 {[%clk 01:30:32]} {[%emt 00:00:29]} 2. Nf3 {[%clk
01:31:23]} {[%emt 00:00:05]} Nc6 {[%clk 01:30:09]} {[%emt 00:00:52]} 3. Bb5
{[%clk 01:31:37]} {[%emt 00:00:17]} Nf6 {[%clk 01:30:09]} {[%emt 00:00:30]} 4.
O-O {[%clk 01:31:57]} {[%emt 00:00:10]} Bc5 {[%clk 01:29:00]} {[%emt 00:01:38]}
5. h3 {[%clk 01:32:15]} {[%emt 00:00:12]} O-O {[%clk 01:28:18]} {[%emt
00:01:12]} 6. Re1 {[%clk 01:32:38]} {[%emt 00:00:08]} Re8 {[%clk 01:27:00]}
{[%emt 00:01:48]} 7. c3 {[%clk 01:32:57]} {[%emt 00:00:11]} a6 {[%clk
01:25:12]} {[%emt 00:02:18]} 8. Ba4 {[%clk 01:33:21]} {[%emt 00:00:06]} b5
{[%clk 01:25:13]} {[%emt 00:00:28]} 9. Bb3 {[%clk 01:32:44]} {[%emt 00:01:05]}
h6 {[%clk 01:24:36]} {[%emt 00:01:10]} 10. d4 {[%clk 01:32:52]} {[%emt
00:00:22]} exd4 {[%clk 01:24:52]} {[%emt 00:00:14]} 11. cxd4 {[%clk 01:33:12]}
{[%emt 00:00:10]} Bb4 {[%clk 01:25:10]} {[%emt 00:00:12]} 12. Nbd2 {[%clk
01:31:13]} {[%emt 00:02:29]} Bxd2 {[%clk 01:24:24]} {[%emt 00:01:17]} 13. Bxd2
{[%clk 01:31:00]} {[%emt 00:00:43]} Nxe4 {[%clk 01:22:07]} {[%emt 00:02:47]}
14. Bc2 {[%clk 01:28:40]} {[%emt 00:02:50]} Nxd2 {[%clk 01:21:32]} {[%emt
00:01:04]} 15. Qxd2 {[%clk 01:28:54]} {[%emt 00:00:16]} d5 {[%clk 01:20:30]}
{[%emt 00:01:33]} 16. Rxe8+ {[%clk 01:29:15]} {[%emt 00:00:12]} Qxe8 {[%clk
01:20:48]} {[%emt 00:00:09]} 17. Re1 {[%clk 01:29:38]} {[%emt 00:00:05]} Be6
{[%clk 01:18:30]} {[%emt 00:02:49]} 18. Bb3 {[%clk 01:26:41]} {[%emt 00:03:26]}
Rd8 {[%clk 01:13:59]} {[%emt 00:05:00]} 19. Ne5 {[%clk 01:26:31]} {[%emt
00:00:41]} f6 {[%clk 00:59:55]} {[%emt 00:14:34]} 20. Nxc6 {[%clk 01:25:57]}
{[%emt 00:01:04]} Qxc6 {[%clk 00:59:20]} {[%emt 00:01:05]} 21. Rc1 {[%clk
01:24:57]} {[%emt 00:01:29]} Qd7 {[%clk 00:58:23]} {[%emt 00:01:16]} 22. Qa5
{[%clk 01:22:51]} {[%emt 00:02:47]} Qd6 {[%clk 00:56:12]} {[%emt 00:02:43]} 23.
Rxc7 {[%clk 01:22:17]} {[%emt 00:01:02]} Rd7 {[%clk 00:55:35]} {[%emt
00:01:07]} 24. Rc8+ {[%clk 01:21:40]} {[%emt 00:01:07]} Kh7 {[%clk 00:55:23]}
{[%emt 00:00:42]} 25. Bc2+ {[%clk 01:21:31]} {[%emt 00:00:39]} f5 {[%clk
00:53:34]} {[%emt 00:02:19]} 26. g4 {[%clk 01:20:54]} {[%emt 00:01:07]} g6
{[%clk 00:53:45]} {[%emt 00:00:19]} 27. gxf5 {[%clk 01:20:22]} {[%emt
00:01:01]} gxf5 {[%clk 00:54:09]} {[%emt 00:00:07]} 28. Qe1 {[%clk 01:16:06]}
{[%emt 00:04:15]} Rg7+ {[%clk 00:54:29]} {[%emt 00:00:42]} 29. Kf1 {[%clk
01:16:09]} {[%emt 00:00:27]} Bxc8 {[%clk 00:54:18]} {[%emt 00:00:41]} 30. Qe8
{[%clk 01:15:07]} {[%emt 00:01:30]} Bd7 {[%clk 00:53:01]} {[%emt 00:01:49]} 31.
Qh5 {[%clk 01:12:55]} {[%emt 00:02:30]} Qf6 {[%clk 00:51:50]} {[%emt 00:01:52]}
32. b3 {[%clk 01:10:26]} {[%emt 00:03:00]} Rg5 {[%clk 00:50:22]} {[%emt
00:01:56]} 33. Qf3 {[%clk 01:10:21]} {[%emt 00:00:35]} Be6 {[%clk 00:49:45]}
{[%emt 00:01:08]} 34. h4 {[%clk 01:10:24]} {[%emt 00:00:27]} Rg7 {[%clk
00:48:49]} {[%emt 00:01:25]} 35. Qh5 {[%clk 01:07:53]} {[%emt 00:03:02]} Kh8
{[%clk 00:48:18]} {[%emt 00:01:01]} 36. Qe8+ {[%clk 01:08:04]} {[%emt
00:00:19]} Rg8 {[%clk 00:48:19]} {[%emt 00:00:28]} 37. Qh5 {[%clk 01:07:53]}
{[%emt 00:00:42]} Qg6 {[%clk 00:46:54]} {[%emt 00:01:55]} 38. Qf3 {[%clk
01:07:22]} {[%emt 00:00:57]} Qg4 {[%clk 00:47:07]} {[%emt 00:00:22]} 39. Qe3
{[%clk 01:07:28]} {[%emt 00:00:22]} Rg6 {[%clk 00:46:05]} {[%emt 00:01:32]} 40.
Qe5+ {[%clk 01:07:16]} {[%emt 00:00:42]} Kh7 {[%clk 00:45:23]} {[%emt
00:01:13]} 41. Qc7+ {[%clk 01:06:45]} {[%emt 00:01:01]} Rg7 {[%clk 00:45:04]}
{[%emt 00:00:49]} 42. Qe5 {[%clk 01:06:31]} {[%emt 00:00:43]} Qg6 {[%clk
00:42:29]} {[%emt 00:03:05]} 43. h5 {[%clk 01:06:44]} {[%emt 00:00:16]} Qe8
{[%clk 00:42:21]} {[%emt 00:00:39]} 44. Bxf5+ {[%clk 01:06:36]} {[%emt
00:00:37]} Kg8 {[%clk 00:41:00]} {[%emt 00:01:51]} 45. Bxe6+ {[%clk 01:06:43]}
{[%emt 00:00:23]} Kh8 {[%clk 00:41:02]} {[%emt 00:00:29]} 46. f4 {[%clk
01:06:49]} {[%emt 00:00:23]} Qe7 {[%clk 00:40:05]} {[%emt 00:01:28]} 47. Qb8+
{[%clk 01:04:41]} {[%emt 00:02:38]} Kh7 {[%clk 00:39:24]} {[%emt 00:01:10]} 48.
Bf5+ {[%clk 01:05:05]} {[%emt 00:00:06]} Rg6 {[%clk 00:39:10]} {[%emt
00:00:44]} 49. Bxg6+ {[%clk 01:05:33]} {[%emt 00:00:02]} Kg7 {[%clk 00:39:12]}
{[%emt 00:00:28]} 50. Qe5+ {[%clk 01:05:23]} {[%emt 00:00:40]} Kg8 {[%clk
00:39:20]} {[%emt 00:00:21]} 51. Qxe7 {[%clk 01:05:34]} {[%emt 00:00:19]} Kh8
{[%clk 00:39:29]} {[%emt 00:00:22]} 52. Qh7# {[%emt 00:00:05]} *

[Event "DVM U12 2023"]
[Site "Magdeburg GER"]
[Date "2023.12.28"]
[Round "4"]
[White "He, Fabian"]
[Black "Rexhausen, Mika"]
[Result "1-0"]
[Termination "normal"]
[Board "8.4"]
[WhiteElo "993"]
[BlackElo "943"]
[WhiteClock "01:27:48"]
[BlackClock "00:52:53"]
[WhiteTeam "Karlsruher SF 1853"]
[BlackTeam "1. Eichsfelder SC"]
[PlyCount "61"]
[WhiteFideId "34681779"]
[BlackFideId "34681752"]
[EventCountry "GER"]
[EventRounds "7"]
[EventType "team-swiss"]
[EventDate "2023.12.26"]

1. d4 {[%clk 01:30:56]} {[%emt 00:00:02]} g6 {[%clk 01:27:25]} {[%emt
00:03:36]} 2. Bf4 {[%clk 01:31:02]} {[%emt 00:00:24]} Bg7 {[%clk 01:27:29]}
{[%emt 00:00:26]} 3. Nf3 {[%clk 01:31:29]} {[%emt 00:00:03]} Nf6 {[%clk
01:27:45]} {[%emt 00:00:14]} 4. e3 {[%clk 01:31:44]} {[%emt 00:00:14]} d6
{[%clk 01:28:00]} {[%emt 00:00:16]} 5. Bd3 {[%clk 01:31:49]} {[%emt 00:00:26]}
O-O {[%clk 01:28:19]} {[%emt 00:00:10]} 6. Nc3 {[%clk 01:32:11]} {[%emt
00:00:09]} Nc6 {[%clk 01:28:07]} {[%emt 00:00:41]} 7. Qe2 {[%clk 01:32:24]}
{[%emt 00:00:18]} Re8 {[%clk 01:28:27]} {[%emt 00:00:10]} 8. O-O-O {[%clk
01:32:39]} {[%emt 00:00:15]} e5 {[%clk 01:28:13]} {[%emt 00:00:44]} 9. dxe5
{[%clk 01:32:00]} {[%emt 00:01:09]} dxe5 {[%clk 01:28:29]} {[%emt 00:00:15]}
10. Bg5 {[%clk 01:32:18]} {[%emt 00:00:13]} Bd7 {[%clk 01:28:18]} {[%emt
00:00:40]} 11. Rdg1 {[%clk 01:32:08]} {[%emt 00:00:39]} Qc8 {[%clk 01:28:14]}
{[%emt 00:00:36]} 12. e4 {[%clk 01:31:02]} {[%emt 00:01:37]} Bg4 {[%clk
01:12:31]} {[%emt 00:16:13]} 13. h3 {[%clk 01:30:52]} {[%emt 00:00:40]} Nd4
{[%clk 01:09:47]} {[%emt 00:03:12]} 14. Qe3 {[%clk 01:29:03]} {[%emt 00:02:21]}
Bxf3 {[%clk 01:09:48]} {[%emt 00:00:28]} 15. gxf3 {[%clk 01:29:10]} {[%emt
00:00:23]} h6 {[%clk 01:10:08]} {[%emt 00:00:11]} 16. Bxh6 {[%clk 01:26:57]}
{[%emt 00:00:12]} a6 {[%emt 00:09:22]} 17. h4 {[%emt 00:01:13]} Kh7 {[%clk
00:59:12]} {[%emt 00:03:21]} 18. h5 {[%clk 01:26:58]} {[%emt 00:00:30]} Nxh5
{[%clk 00:56:19]} {[%emt 00:03:22]} 19. Bxg7 {[%clk 01:27:08]} {[%emt
00:00:20]} Kxg7 {[%clk 00:54:00]} {[%emt 00:02:49]} 20. Rxh5 {[%clk 01:27:26]}
{[%emt 00:00:12]} Kf8 {[%clk 00:53:48]} {[%emt 00:00:42]} 21. Rh8+ {[%clk
01:27:04]} {[%emt 00:00:53]} Kg7 {[%clk 00:53:54]} {[%emt 00:00:23]} 22. Qh6+
{[%clk 01:26:58]} {[%emt 00:00:36]} Kf6 {[%clk 00:53:50]} {[%emt 00:00:33]} 23.
Qg5+ {[%clk 01:27:00]} {[%emt 00:00:28]} Kg7 {[%clk 00:53:52]} {[%emt
00:00:28]} 24. Rxe8 {[%clk 01:26:58]} {[%emt 00:00:33]} Qxe8 {[%clk 00:54:05]}
{[%emt 00:00:15]} 25. Rh1 {[%clk 01:26:47]} {[%emt 00:00:42]} Ne6 {[%clk
00:53:59]} {[%emt 00:00:34]} 26. Qh4 {[%clk 01:26:46]} {[%emt 00:00:33]} Kf8
{[%clk 00:53:03]} {[%emt 00:01:27]} 27. Nd5 {[%clk 01:27:03]} {[%emt 00:00:13]}
f6 {[%clk 00:52:08]} {[%emt 00:01:24]} 28. Qh8+ {[%clk 01:27:16]} {[%emt
00:00:15]} Kf7 {[%clk 00:52:24]} {[%emt 00:00:17]} 29. Rh7+ {[%clk 01:27:38]}
{[%emt 00:00:08]} Ng7 {[%clk 00:52:33]} {[%emt 00:00:21]} 30. Rxg7+ {[%clk
01:27:51]} {[%emt 00:00:17]} Ke6 {[%clk 00:52:53]} {[%emt 00:00:20]} 31. Nxc7+
{[%clk 01:27:48]} {[%emt 00:00:33]} 1-0

[Event "DVM U12 2023"]
[Site "Magdeburg GER"]
[Date "2023.12.28"]
[Round "4"]
[White "Shevchenko, Igor"]
[Black "Luccone, Constantin"]
[Result "1-0"]
[Termination "normal"]
[Board "9.1"]
[WhiteElo "1552"]
[BlackElo "1377"]
[WhiteClock "01:30:54"]
[BlackClock "01:07:49"]
[WhiteTeam "Schachzwerge Magdeburg"]
[BlackTeam "SF Brackel 1930"]
[PlyCount "97"]
[WhiteFideId "34634924"]
[BlackFideId "34634096"]
[EventCountry "GER"]
[EventRounds "7"]
[EventType "team-swiss"]
[EventDate "2023.12.26"]

1. d4 {[%clk 01:30:58]} d5 {[%clk 01:30:57]} {[%emt 00:00:03]} 2. Nf3 {[%clk
01:31:23]} {[%emt 00:00:05]} Nf6 {[%clk 01:31:24]} {[%emt 00:00:03]} 3. c4
{[%clk 01:31:47]} {[%emt 00:00:07]} e6 {[%clk 01:31:51]} {[%emt 00:00:03]} 4.
Nc3 {[%clk 01:32:10]} {[%emt 00:00:07]} c5 {[%clk 01:32:04]} {[%emt 00:00:17]}
5. Bg5 {[%clk 01:31:49]} {[%emt 00:00:50]} dxc4 {[%clk 01:11:11]} {[%emt
00:21:22]} 6. e3 {[%clk 01:31:51]} {[%emt 00:00:30]} h6 {[%clk 01:11:05]}
{[%emt 00:00:35]} 7. Bh4 {[%clk 01:32:08]} {[%emt 00:00:14]} cxd4 {[%clk
01:11:14]} {[%emt 00:00:21]} 8. Nxd4 {[%clk 01:32:13]} {[%emt 00:00:25]} Be7
{[%clk 01:11:18]} {[%emt 00:00:26]} 9. Bxc4 {[%clk 01:32:28]} {[%emt 00:00:16]}
e5 {[%clk 01:11:26]} {[%emt 00:00:22]} 10. Nde2 {[%clk 01:32:24]} {[%emt
00:00:33]} Qxd1+ {[%clk 01:11:49]} {[%emt 00:00:06]} 11. Rxd1 {[%clk 01:32:09]}
{[%emt 00:00:46]} O-O {[%clk 01:12:12]} {[%emt 00:00:08]} 12. O-O {[%clk
01:32:02]} {[%emt 00:00:37]} Be6 {[%clk 01:12:03]} {[%emt 00:00:38]} 13. Bxe6
{[%clk 01:32:12]} {[%emt 00:00:20]} fxe6 {[%clk 01:12:30]} {[%emt 00:00:04]}
14. Bg3 {[%clk 01:32:34]} {[%emt 00:00:07]} Nc6 {[%clk 01:12:50]} {[%emt
00:00:10]} 15. Nc1 {[%clk 01:32:24]} {[%emt 00:00:41]} Bd8 {[%clk 01:12:29]}
{[%emt 00:00:51]} 16. Nd3 {[%clk 01:32:26]} {[%emt 00:00:28]} Bc7 {[%clk
01:12:51]} {[%emt 00:00:08]} 17. Nc5 {[%clk 01:31:09]} {[%emt 00:01:47]} Nd8
{[%clk 01:10:57]} {[%emt 00:02:24]} 18. Nb5 {[%clk 01:31:17]} {[%emt 00:00:22]}
Bb8 {[%clk 01:07:31]} {[%emt 00:03:57]} 19. Nd7 {[%clk 01:29:04]} {[%emt
00:02:42]} Nxd7 {[%clk 01:07:13]} {[%emt 00:00:48]} 20. Rxd7 {[%clk 01:29:29]}
{[%emt 00:00:06]} b6 {[%clk 01:06:40]} {[%emt 00:01:03]} 21. Rfd1 {[%clk
01:29:27]} {[%emt 00:00:31]} Nc6 {[%clk 01:06:54]} {[%emt 00:00:17]} 22. Rc1
{[%clk 01:29:14]} {[%emt 00:00:42]} Rc8 {[%clk 01:05:26]} {[%emt 00:01:58]} 23.
Nd6 {[%clk 01:28:32]} {[%emt 00:01:12]} Bxd6 {[%clk 01:04:49]} {[%emt
00:01:07]} 24. Rxd6 {[%clk 01:28:36]} {[%emt 00:00:26]} Nd4 {[%clk 01:04:10]}
{[%emt 00:01:10]} 25. Re1 {[%clk 01:27:27]} {[%emt 00:01:37]} Nf5 {[%clk
01:03:59]} {[%emt 00:00:43]} 26. Rxe6 {[%clk 01:26:56]} {[%emt 00:01:01]} Nxg3
{[%clk 01:04:13]} {[%emt 00:00:16]} 27. hxg3 {[%clk 01:27:20]} {[%emt
00:00:06]} Re8 {[%clk 01:04:32]} {[%emt 00:00:11]} 28. Rxe8+ {[%clk 01:27:41]}
{[%emt 00:00:09]} Rxe8 {[%clk 01:04:58]} {[%emt 00:00:04]} 29. Rd1 {[%clk
01:27:57]} {[%emt 00:00:14]} Re7 {[%clk 01:05:26]} {[%emt 00:00:02]} 30. a3
{[%clk 01:27:59]} {[%emt 00:00:28]} Kf7 {[%clk 01:05:42]} {[%emt 00:00:14]} 31.
f3 {[%clk 01:28:19]} {[%emt 00:00:09]} Kg6 {[%clk 01:06:01]} {[%emt 00:00:10]}
32. Kf2 {[%clk 01:28:42]} {[%emt 00:00:08]} Kf6 {[%clk 01:06:23]} {[%emt
00:00:08]} 33. g4 {[%clk 01:28:55]} {[%emt 00:00:17]} Kg5 {[%clk 01:06:10]}
{[%emt 00:00:43]} 34. Kg3 {[%clk 01:29:18]} {[%emt 00:00:07]} Kf6 {[%clk
01:06:25]} {[%emt 00:00:15]} 35. Rd6+ {[%clk 01:29:37]} {[%emt 00:00:10]} Kf7
{[%clk 01:06:33]} {[%emt 00:00:22]} 36. g5 {[%clk 01:28:26]} {[%emt 00:01:41]}
h5 {[%clk 01:05:49]} {[%emt 00:01:14]} 37. Kh4 {[%clk 01:28:50]} {[%emt
00:00:06]} g6 {[%clk 01:06:14]} {[%emt 00:00:05]} 38. Rf6+ {[%clk 01:28:57]}
{[%emt 00:00:22]} Kg7 {[%clk 01:06:33]} {[%emt 00:00:11]} 39. Rd6 {[%clk
01:29:09]} {[%emt 00:00:18]} Kf7 {[%clk 01:06:48]} {[%emt 00:00:20]} 40. g4
{[%clk 01:29:31]} {[%emt 00:00:03]} hxg4 {[%clk 01:06:44]} {[%emt 00:00:34]}
41. Kxg4 {[%clk 01:29:56]} {[%emt 00:00:05]} Kg7 {[%clk 01:07:03]} {[%emt
00:00:11]} 42. b4 {[%clk 01:29:36]} {[%emt 00:00:50]} Kf7 {[%clk 01:07:22]}
{[%emt 00:00:11]} 43. f4 {[%clk 01:29:54]} {[%emt 00:00:13]} exf4 {[%clk
01:07:43]} {[%emt 00:00:08]} 44. Kxf4 {[%clk 01:29:46]} {[%emt 00:00:38]} Kg7
{[%clk 01:08:06]} {[%emt 00:00:08]} 45. e4 {[%clk 01:29:37]} {[%emt 00:00:39]}
Kf7 {[%clk 01:08:21]} {[%emt 00:00:15]} 46. e5 {[%clk 01:29:49]} {[%emt
00:00:20]} Kg7 {[%clk 01:08:35]} {[%emt 00:00:14]} 47. e6 {[%clk 01:30:11]}
{[%emt 00:00:08]} Kf8 {[%clk 01:09:02]} {[%emt 00:00:02]} 48. Ke5 {[%clk
01:30:34]} {[%emt 00:00:07]} Kg7 {[%clk 01:07:49]} {[%emt 00:01:42]} 49. Rd7
{[%clk 01:30:54]} {[%emt 00:00:11]} 1/2-1/2

[Event "DVM U12 2023"]
[Site "Magdeburg GER"]
[Date "2023.12.28"]
[Round "4"]
[White "Seeger, Lennert"]
[Black "Kovalenko, Andrii"]
[Result "1-0"]
[Termination "normal"]
[Board "9.3"]
[WhiteElo "1030"]
[BlackElo "1170"]
[WhiteClock "00:36:34"]
[BlackClock "01:04:07"]
[WhiteTeam "Schachzwerge Magdeburg"]
[BlackTeam "SF Brackel 1930"]
[PlyCount "73"]
[WhiteFideId "34684760"]
[BlackFideId "34681795"]
[EventCountry "GER"]
[EventRounds "7"]
[EventType "team-swiss"]
[EventDate "2023.12.26"]

1. e4 {[%clk 01:30:53]} {[%emt 00:00:07]} e5 {[%clk 01:30:56]} {[%emt
00:00:04]} 2. Nf3 {[%clk 01:30:59]} {[%emt 00:00:23]} Nc6 {[%clk 01:31:22]}
{[%emt 00:00:05]} 3. Bc4 {[%clk 01:31:00]} {[%emt 00:00:29]} Nf6 {[%clk
01:31:22]} {[%emt 00:00:29]} 4. d3 {[%clk 01:30:21]} {[%emt 00:01:10]} Bc5
{[%clk 01:31:43]} {[%emt 00:00:09]} 5. Nc3 {[%clk 01:28:13]} {[%emt 00:02:38]}
d6 {[%clk 01:32:06]} {[%emt 00:00:07]} 6. h3 {[%clk 01:27:06]} {[%emt
00:01:37]} h6 {[%clk 01:32:14]} {[%emt 00:00:22]} 7. Be3 {[%clk 01:26:10]}
{[%emt 00:01:26]} Bb6 {[%clk 01:32:34]} {[%emt 00:00:10]} 8. Qe2 {[%clk
01:23:45]} {[%emt 00:02:54]} Be6 {[%clk 01:32:36]} {[%emt 00:00:28]} 9. Bb3
{[%clk 01:23:15]} {[%emt 00:01:00]} Qd7 {[%clk 01:32:55]} {[%emt 00:00:11]} 10.
O-O-O {[%clk 01:17:10]} {[%emt 00:06:35]} Bxb3 {[%clk 01:33:09]} {[%emt
00:00:17]} 11. cxb3 {[%clk 01:15:29]} {[%emt 00:02:11]} Bxe3+ {[%clk 01:32:09]}
{[%emt 00:01:30]} 12. fxe3 {[%clk 01:15:19]} {[%emt 00:00:38]} a5 {[%clk
01:32:33]} {[%emt 00:00:07]} 13. d4 {[%clk 01:13:46]} {[%emt 00:02:03]} Qc8
{[%clk 01:31:24]} {[%emt 00:01:40]} 14. dxe5 {[%clk 01:11:35]} {[%emt
00:02:42]} dxe5 {[%clk 01:30:59]} {[%emt 00:00:55]} 15. Qb5 {[%clk 01:07:03]}
{[%emt 00:05:02]} Nd7 {[%clk 01:28:28]} {[%emt 00:03:01]} 16. Rd5 {[%clk
01:03:01]} {[%emt 00:04:33]} O-O {[%clk 01:28:01]} {[%emt 00:00:57]} 17. g4
{[%clk 01:00:31]} {[%emt 00:03:00]} Nf6 {[%clk 01:27:05]} {[%emt 00:01:25]} 18.
Rdd1 {[%clk 01:00:04]} {[%emt 00:01:00]} Ra6 {[%clk 01:26:54]} {[%emt
00:00:39]} 19. Qe2 {[%clk 00:58:22]} {[%emt 00:02:11]} Rd8 {[%clk 01:23:44]}
{[%emt 00:03:40]} 20. Rxd8+ {[%clk 00:57:16]} {[%emt 00:01:36]} Qxd8 {[%clk
01:24:07]} {[%emt 00:00:06]} 21. g5 {[%clk 00:55:23]} {[%emt 00:02:23]} Nh7
{[%clk 01:20:51]} {[%emt 00:03:46]} 22. gxh6 {[%clk 00:54:59]} {[%emt
00:00:53]} gxh6 {[%clk 01:20:09]} {[%emt 00:01:12]} 23. Rg1+ {[%clk 00:54:26]}
{[%emt 00:01:03]} Kf8 {[%clk 01:18:37]} {[%emt 00:02:02]} 24. Qg2 {[%clk
00:49:53]} {[%emt 00:05:02]} Ke7 {[%clk 01:16:59]} {[%emt 00:02:09]} 25. Nd5+
{[%clk 00:49:14]} {[%emt 00:01:10]} Ke8 {[%clk 01:13:16]} {[%emt 00:04:12]} 26.
Qg8+ {[%clk 00:48:26]} {[%emt 00:01:18]} Nf8 {[%clk 01:13:31]} {[%emt
00:00:15]} 27. Rg7 {[%clk 00:47:27]} {[%emt 00:01:29]} Kd7 {[%clk 01:09:01]}
{[%emt 00:05:00]} 28. Rxf7+ {[%clk 00:44:26]} {[%emt 00:03:30]} Kd6 {[%clk
01:08:42]} {[%emt 00:00:50]} 29. Rxf8 {[%clk 00:41:05]} {[%emt 00:03:51]} Qd7
{[%clk 01:09:05]} {[%emt 00:00:07]} 30. Rf6+ {[%clk 00:38:47]} {[%emt
00:02:49]} Kc5 {[%clk 01:09:09]} {[%emt 00:00:25]} 31. Qf8+ {[%clk 00:38:19]}
{[%emt 00:00:58]} Ne7 {[%clk 01:07:56]} {[%emt 00:01:44]} 32. Nxe7 {[%clk
00:37:57]} {[%emt 00:00:52]} Rxf6 {[%clk 01:05:52]} {[%emt 00:02:34]} 33. Qxf6
{[%clk 00:38:04]} {[%emt 00:00:23]} c6 {[%clk 01:05:34]} {[%emt 00:00:48]} 34.
Qxe5+ {[%clk 00:38:10]} {[%emt 00:00:23]} Kb6 {[%clk 01:05:47]} {[%emt
00:00:17]} 35. Nd2 {[%clk 00:36:31]} {[%emt 00:02:09]} Qxh3 {[%clk 01:03:51]}
{[%emt 00:02:26]} 36. Nc4+ {[%clk 00:36:34]} {[%emt 00:00:28]} Ka6 {[%clk
01:04:07]} {[%emt 00:00:14]} 37. Qxa5# {[%emt 00:00:15]} 1-0

[Event "DVM U12 2023"]
[Site "Magdeburg GER"]
[Date "2023.12.28"]
[Round "4"]
[White "Seling, Simon"]
[Black "Wolff, Theodor Emil"]
[Result "1-0"]
[Termination "normal"]
[Board "9.4"]
[WhiteElo "1026"]
[BlackElo "912"]
[WhiteClock "00:14:37"]
[BlackClock "00:01:27"]
[WhiteTeam "SF Brackel 1930"]
[BlackTeam "Schachzwerge Magdeburg"]
[PlyCount "115"]
[WhiteFideId "34681809"]
[BlackFideId "34684778"]
[EventCountry "GER"]
[EventRounds "7"]
[EventType "team-swiss"]
[EventDate "2023.12.26"]

1. e4 {[%clk 01:30:58]} {[%emt 00:00:02]} e5 {[%clk 01:30:57]} {[%emt
00:00:04]} 2. Nf3 {[%clk 01:31:04]} {[%emt 00:00:24]} Nc6 {[%clk 01:31:18]}
{[%emt 00:00:08]} 3. Bc4 {[%clk 01:30:37]} {[%emt 00:00:57]} Nf6 {[%clk
01:31:37]} {[%emt 00:00:12]} 4. Nc3 {[%clk 01:30:56]} {[%emt 00:00:11]} Nxe4
{[%clk 01:31:57]} {[%emt 00:00:11]} 5. Nxe4 {[%clk 01:31:15]} {[%emt 00:00:11]}
d5 {[%clk 01:32:22]} {[%emt 00:00:04]} 6. Bd3 {[%clk 01:31:33]} {[%emt
00:00:11]} dxe4 {[%clk 01:32:43]} {[%emt 00:00:10]} 7. Bxe4 {[%clk 01:31:48]}
{[%emt 00:00:15]} Bc5 {[%clk 01:32:19]} {[%emt 00:00:53]} 8. h3 {[%clk
01:31:10]} {[%emt 00:01:09]} O-O {[%clk 01:29:56]} {[%emt 00:02:52]} 9. O-O
{[%clk 01:28:25]} {[%emt 00:03:15]} Bb6 {[%clk 01:26:26]} {[%emt 00:04:01]} 10.
Re1 {[%clk 01:22:30]} {[%emt 00:06:25]} Qf6 {[%clk 01:25:53]} {[%emt 00:01:08]}
11. Bxc6 {[%clk 01:19:28]} {[%emt 00:03:28]} Qxc6 {[%clk 01:25:38]} {[%emt
00:00:48]} 12. Rxe5 {[%clk 01:17:49]} {[%emt 00:02:07]} Re8 {[%clk 01:24:04]}
{[%emt 00:02:03]} 13. Rxe8+ {[%clk 01:17:30]} {[%emt 00:00:49]} Qxe8 {[%clk
01:24:27]} {[%emt 00:00:07]} 14. d3 {[%clk 01:17:02]} {[%emt 00:00:58]} Bd7
{[%clk 01:24:08]} {[%emt 00:00:49]} 15. Bf4 {[%clk 01:15:38]} {[%emt 00:01:54]}
Bc6 {[%clk 01:20:15]} {[%emt 00:04:22]} 16. Qe1 {[%clk 01:13:18]} {[%emt
00:02:49]} Qxe1+ {[%clk 01:18:13]} {[%emt 00:02:34]} 17. Rxe1 {[%clk 01:13:46]}
{[%emt 00:00:02]} Bxf3 {[%clk 01:18:27]} {[%emt 00:00:15]} 18. gxf3 {[%clk
01:14:05]} {[%emt 00:00:11]} h6 {[%clk 01:18:37]} {[%emt 00:00:21]} 19. Re7
{[%clk 01:13:48]} {[%emt 00:00:46]} g5 {[%clk 01:18:12]} {[%emt 00:00:56]} 20.
Bxc7 {[%clk 01:14:00]} {[%emt 00:00:17]} Bxc7 {[%clk 01:18:00]} {[%emt
00:00:43]} 21. Rxc7 {[%clk 01:14:19]} {[%emt 00:00:12]} Rb8 {[%clk 01:17:58]}
{[%emt 00:00:31]} 22. Rc4 {[%clk 01:13:56]} {[%emt 00:00:53]} Re8 {[%clk
01:17:44]} {[%emt 00:00:44]} 23. Re4 {[%clk 01:14:06]} {[%emt 00:00:20]} Rc8
{[%clk 01:17:49]} {[%emt 00:00:25]} 24. c3 {[%clk 01:13:47]} {[%emt 00:00:48]}
Rc6 {[%clk 01:16:29]} {[%emt 00:01:51]} 25. Rb4 {[%clk 01:13:00]} {[%emt
00:01:17]} Rc7 {[%clk 01:12:50]} {[%emt 00:04:09]} 26. f4 {[%clk 01:11:59]}
{[%emt 00:01:31]} f6 {[%clk 01:10:12]} {[%emt 00:03:08]} 27. fxg5 {[%clk
01:11:59]} {[%emt 00:00:31]} fxg5 {[%clk 01:08:25]} {[%emt 00:02:17]} 28. Rg4
{[%clk 01:12:09]} {[%emt 00:00:19]} Kf7 {[%clk 01:08:04]} {[%emt 00:00:51]} 29.
h4 {[%clk 01:11:50]} {[%emt 00:00:50]} Kg6 {[%clk 01:06:52]} {[%emt 00:01:42]}
30. hxg5 {[%clk 01:12:03]} {[%emt 00:00:17]} hxg5 {[%clk 01:07:00]} {[%emt
00:00:22]} 31. f4 {[%clk 01:12:10]} {[%emt 00:00:22]} Kf5 {[%clk 01:07:06]}
{[%emt 00:00:24]} 32. Rxg5+ {[%clk 01:12:03]} {[%emt 00:00:37]} Kxf4 {[%clk
01:07:24]} {[%emt 00:00:13]} 33. Ra5 {[%clk 01:11:52]} {[%emt 00:00:40]} Rg7+
{[%clk 01:07:27]} {[%emt 00:00:26]} 34. Kf2 {[%clk 01:11:32]} {[%emt 00:00:51]}
a6 {[%emt 00:00:34]} 35. Ra4+ {[%clk 01:11:39]} {[%emt 00:00:22]} Ke5 {[%clk
01:06:34]} {[%emt 00:01:21]} 36. Re4+ {[%clk 01:09:21]} {[%emt 00:02:47]} Kd5
{[%clk 01:06:31]} {[%emt 00:00:34]} 37. c4+ {[%clk 01:08:51]} {[%emt 00:01:00]}
Kc5 {[%clk 01:06:42]} {[%emt 00:00:18]} 38. a3 {[%clk 01:08:40]} {[%emt
00:00:41]} Rf7+ {[%clk 01:06:53]} {[%emt 00:00:20]} 39. Ke3 {[%clk 01:08:36]}
{[%emt 00:00:33]} a5 {[%clk 01:06:04]} {[%emt 00:01:18]} 40. b3 {[%clk
01:08:04]} {[%emt 00:01:04]} b6 {[%clk 01:05:09]} {[%emt 00:01:24]} 41. Re6
{[%clk 01:08:08]} {[%emt 00:00:26]} Rd7 {[%clk 01:04:19]} {[%emt 00:01:20]} 42.
d4+ {[%clk 01:07:56]} {[%emt 00:00:43]} Rxd4 {[%clk 01:04:33]} {[%emt
00:00:16]} 1-0